=LDR 00000nam 2200000 4500 =001 INLIS000000000048143 =005 20200826091225 =035 ##$$a 0010-051600000000048 =008 200826################g##########0#ind## =040 ##$$a ind =082 ##$$a 2x5 =090 ##$$a 2x5.1 =245 ##$$a Pembinaan keluarga sakinah dalam pembentukan akhlak mulia : $b Gagasan dan implentasi /$c Penyunting, Qowaid, Muchtamil K =260 ##$$a Jakarta :$b Departemen Agama Badan Penelitian dan Pengembangan Agama,$c 1997/1998 =300 ##$$a v11,60hlm ; $c 14x20 cm =440 ##$$a gagasan dan implementasi =700 #$$a Qowaid/muchtamil K =850 ##$$a BPAP =084 ##$$a 2x5 PEM =650 #4$$a Akhlak =990 ##$$a 00091110 =990 ##$$a 157.452/hd.2000